000 00583nam a2200193Ia 4500
003 GCL
008 140319s9999 xx 000 0 aSpa d
040 _aGCL /
_cGCL
082 0 4 _a892.76
_bN E
100 1 _aNAGUIB MAHFOUZ
245 1 0 _aLE CAFE DE QUSHTUMAR ( SPANISH LANGUAGE ) /
_cNAGUIB MAHFOUZ
700 1 _aJAVEGO, ISABEL HERRAS
260 _aالقاهرة :
_bTHE AMERICAN UNIVERSITY IN CAIRO PRESS ،
_c1998
300 _a24 CM ؛
_c197 P
650 0 4 _aARABIC LITERATURE - TRANSLATION
650 0 4 _aARABIC LITERATURE
650 0 4 _aARABIC FICTION
942 _2ddc
_cBK
999 _c15778
_d15778